00366nam a2200121Ia 4500001000800000005001700008008004100025020001800066245002700084260002400111999002100135952008800156126327720260417141902.0260417s9999 xx 000 0 und d a9789752894662 0aEl KızıcOrhan Kemal bEverest Yayınları c1263277d1263277 00104070a1111b1111d2026-04-17l0p1111564r2026-04-17 14:19:02w2026-04-17yBK